Debut y despedida

Saved in:
書目詳細資料
主要作者: Urzúa Díaz, Juan Francisco (Author)
格式: 圖書
語言:西班牙语
出版: Valparaíso La Cáfila 2004
版:1a. ed
叢編:La Cáfila, 12
主題:
標簽: 添加標簽
沒有標簽, 成為第一個標記此記錄!

MARC

LEADER 00000nam a2200000 a 4500
001 UCK5605
003 CL-VaPUC
008 050805e20040900CL |||||||||||||||||spa|d
020 |a 9568142258 
082 0 4 |a Ch861  |b URZ  |2 21 
100 0 |a Urzúa Díaz, Juan Francisco  |e author  |9 494459 
245 1 0 |a Debut y despedida 
250 |a 1a. ed 
300 |a 103 p 
942 |c BK 
945 |d 20050805 00:00:00  |a jcarroza 
260 |a Valparaíso  |b La Cáfila  |c 2004 
650 0 |a Literatura chilena   |9 308278 
650 0 |a Poesía chilena   |9 268403 
583 |a last modification  |c 20050805 00:00:00  |k Rodrigo Vera 
490 0 |a La Cáfila, 12 
999 |c 314106  |d 314104 
952 |0 0  |1 0  |4 0  |6 CH_861_000000000000000_URZ_2004  |7 0  |8 A  |9 386019  |a BIBEDU  |b BIBEDU  |c ES_NOD  |d 2019-11-22  |i 4150813  |o Ch861 URZ 2004  |p 4150813  |r 2023-08-09  |w 2019-11-22  |y BK  |k LIT